[Event "NRW U18 op"]
[Site "Olpe"]
[Date "2005.10.04"]
[Round "7.9"]
[White "Hommes, Mathias"]
[Black "Aulich, Marcell"]
[Result "0-1"]
[WhiteElo "1528"]
[BlackElo "1977"]
[PlyCount "40"]
[EventDate "2005.10.01"]
[EventType "swiss"]
[EventRounds "7"]
[EventCountry "GER"]
[SourceTitle "CBM 108 Extra"]
[Source "ChessBase"]
[SourceDate "2005.11.04"]
[SourceVersion "1"]
[SourceVersionDate "2005.11.04"]
[SourceQuality "1"]

1. e4 c5 2. Nf3 Nc6 3. c3 Nf6 4. e5 Nd5 5. d4 cxd4 6. cxd4 e6 7. Be2 d6 8. 0-0 Qc7 9. Bb5 Bd7 10. Bxc6 Bxc6 11. Nbd2 dxe5 12. dxe5 Be7 13. Re1 0-0 14. a3 a5 15. Ne4 Rfd8 16. Neg5 h6 17. Nh3 Nf4 18. Qb3 Rd3 19. Qc2 Nxh3+ 20. gxh3 Rxf3 0-1